| 000 | 00759nam a2200241 i 4500 | ||
|---|---|---|---|
| 003 | DO-SdBNP | ||
| 005 | 20251125092047.0 | ||
| 007 | ta | ||
| 008 | 251125b2008 dr a|||| |||| 00| 0 spa d | ||
| 040 |
_aDO-SdBNP _bspa _cBNPHU _erda |
||
| 041 | _aspa | ||
| 082 | 4 |
_axxx _bxxx _222 |
|
| 110 | 1 |
_aRepública Dominicana _bSuprema Corte de Justicia _97906 |
|
| 245 | 1 | 0 |
_aGuía de la juridiscción inmobiliaria _b |
| 264 | 1 |
_aSanto Domingo, República Dominicana : _bDirección Nacional de Registro de títulos, _c2008. |
|
| 300 |
_a36 páginas : _bmapa ; _c21 cm. |
||
| 336 |
_atexto _btxt _2rdacontent |
||
| 337 |
_asin mediación _bn _2rdamedia |
||
| 338 |
_avolumen _bnc _2rdacarrier |
||
| 590 | _aInventariado, 2025/BT | ||
| 910 | _aBtavárez | ||
| 942 |
_2ddc _cLF2 |
||
| 999 |
_c60067 _d60067 |
||